000 00590nam a2200205 a 4500
001 16926
003 CO-ViMGA
008 141112s2004 ck r 000 u spa d
020 _a9582812648
040 _aCO-ViMGA
_bspa
_cCO-ViMGA
082 0 4 _a347.2 P116a
100 1 _aPabón, Nora
_923982
245 1 0 _aEl abogado en edificios y conjuntos de vivienda
260 _aBogotá,
_cIntermedio,
_c2000
300 _a318.p.
590 _aForma de adquisición : Premio - Mincultura
650 1 4 _aLEY 675 DE 2001BIENES RAICES
_923983
650 1 4 _aPROPIEDAD HORIZONTAL
_95616
942 _2ddc
_cBK
999 _c26559
_d26559